[Event "31è Open International d'Avoine 2016"]
[Site "Avoine"]
[Date "2016.07.23"]
[Round "7.43"]
[White "Genereau, Thierry"]
[Black "Smith, Matthieu"]
[Result "1-0"]
[WhiteElo "1826"]
[BlackElo "2129"]
[PlyCount "113"]
[EventDate "2016.??.??"]

1. c4 e5 2. g3 Nc6 3. Nc3 f5 4. Nf3 Nf6 5. d4 e4 6. Nh4 d6 7. Bh3 g6 8. O-O Bg7
9. f3 O-O 10. fxe4 Nxe4 11. e3 Nxc3 12. bxc3 Na5 13. Qa4 b6 14. Bg2 Rb8 15. e4
fxe4 16. Rxf8+ Qxf8 17. Bxe4 Qf7 18. Nf3 Bd7 19. Qc2 Qxc4 20. Ng5 Rf8 21. Bd3
Qd5 22. Be4 Qb5 23. Bd3 Bf5 24. Bxb5 Bxc2 25. Bf4 Bf5 26. h4 h6 27. Nf3 Be4 28.
Nd2 Bd5 29. Bd3 Bf7 30. Re1 Re8 31. Rf1 c5 32. Nf3 Rd8 33. Rc1 Bd5 34. Kf2 Bxa2
35. Bxg6 Bf7 36. Bf5 Nb3 37. Rd1 c4 38. Nd2 a5 39. Ne4 Bf8 40. Nf6+ Kg7 41. Ng4
h5 42. Bg5 Re8 43. Nf6 Ra8 44. g4 a4 45. gxh5 a3 46. h6+ Kh8 47. Nd7 Bxh6 48.
Bxh6 a2 49. Rg1 Rg8 50. Bg5 Rxg5 51. hxg5 a1=Q 52. Rxa1 Nxa1 53. g6 Bg8 54.
Nxb6 Nb3 55. Nc8 d5 56. Ne7 Nc1 57. Ke3 1-0

[Event "31è Open International d'Avoine 2016"]
[Site "Avoine"]
[Date "2016.07.23"]
[Round "7.44"]
[White "Ghazaleh, Wissam"]
[Black "De Lussac, Rainier"]
[Result "1/2-1/2"]
[WhiteElo "1813"]
[BlackElo "2121"]
[PlyCount "46"]
[EventDate "2016.??.??"]

1. e4 c5 2. Nf3 e6 3. d4 cxd4 4. Nxd4 Nc6 5. Nc3 Qc7 6. Be3 a6 7. Qf3 Nf6 8.
O-O-O Be7 9. g4 d6 10. Nxc6 bxc6 11. g5 Nd7 12. Qg3 e5 13. Bc4 a5 14. h4 Nb6
15. Bb3 a4 16. Bxb6 Qxb6 17. Nxa4 Qb4 18. Nc3 Be6 19. h5 Bxb3 20. cxb3 O-O 21.
Rhg1 Ra5 22. Rd3 Qb7 23. Rf3 Raa8 1/2-1/2

[Event "31è Open International d'Avoine 2016"]
[Site "Avoine"]
[Date "2016.07.23"]
[Round "7.45"]
[White "Hoffmann, Roger"]
[Black "Retailleau, Elise"]
[Result "1/2-1/2"]
[WhiteElo "2084"]
[BlackElo "1836"]
[PlyCount "87"]
[EventDate "2016.??.??"]

1. d4 d5 2. Nf3 Nf6 3. Bf4 e6 4. e3 Bd6 5. Bg5 O-O 6. Ne5 Nbd7 7. Nxd7 Bxd7 8.
Qf3 Be7 9. Bd3 c5 10. dxc5 Qa5+ 11. c3 Qxc5 12. O-O Qb6 13. Qe2 Rfe8 14. Qc2 h6
15. Bh4 Rac8 16. Nd2 e5 17. Qb3 Qd6 18. Rad1 Bg4 19. f3 Be6 20. Qc2 d4 21. exd4
exd4 22. Nb3 Nd5 23. Bg3 Qb6 24. Bf2 Ne3 25. Bxe3 dxe3 26. Be2 Bc4 27. Nd4 Red8
28. Bxc4 Rxc4 29. Qe2 Rcc8 30. Qxe3 Bc5 31. b4 Bxd4 32. Rxd4 Rxd4 33. Qxd4
Qxd4+ 34. cxd4 Rc4 35. Rd1 Rxb4 36. Rd2 Kf8 37. Kf2 Ke7 38. Ke3 Ke6 39. Rc2 Kd6
40. g4 Rb1 41. h4 Re1+ 42. Kd3 Rd1+ 43. Kc4 a6 44. Re2 1/2-1/2

[Event "31è Open International d'Avoine 2016"]
[Site "Avoine"]
[Date "2016.07.23"]
[Round "7.46"]
[White "Grall, Alba"]
[Black "Marimoutou, Loic"]
[Result "0-1"]
[WhiteElo "1784"]
[BlackElo "2077"]
[PlyCount "160"]
[EventDate "2016.??.??"]

1. e4 d6 2. d4 e5 3. d5 Nf6 4. Nc3 Be7 5. h3 c6 6. Be3 Qa5 7. Bd3 Nbd7 8. Qd2
a6 9. Nge2 cxd5 10. Nxd5 Qxd2+ 11. Bxd2 Nxd5 12. exd5 Nc5 13. Bc4 b5 14. Bb3
O-O 15. O-O Bf5 16. Ng3 Bg6 17. Rac1 Rac8 18. f4 Bh4 19. Nh1 f5 20. g3 Bf6 21.
Nf2 e4 22. c3 Bf7 23. Be3 Nxb3 24. axb3 b4 25. c4 Bxb2 26. Rc2 Bf6 27. Ra2 Ra8
28. Nd1 Rfc8 29. Nb2 Be8 30. Na4 Bxa4 31. Rxa4 Rcb8 32. Kf2 Kf7 33. Rd1 g6 34.
Rd2 a5 35. Rda2 Bd8 36. h4 Ke8 37. Ra1 Rb7 38. Rh1 h6 39. Rh2 Rh7 40. Rh1 Kf7
41. Kg2 Rb8 42. Raa1 Ke8 43. Rhf1 Rbb7 44. Rh1 Rhg7 45. Bd4 Rg8 46. Be3 Rbg7
47. Bd4 Rf7 48. Be3 Kd7 49. Ra4 Kc8 50. Rha1 Rb7 51. Rf1 Rb8 52. Rf2 Ra8 53.
Rf1 Kb7 54. Rf2 Bb6 55. Bxb6 Kxb6 56. Rf1 Kc5 57. Kf2 Kd4 58. Rd1+ Kc5 59. Rh1
g5 60. hxg5 hxg5 61. Rh5 gxf4 62. gxf4 Kd4 63. Ra1 e3+ 64. Kf3 Rge8 65. Re1 Kd3
66. Rh2 a4 67. Rd1+ Kc3 68. Re2 axb3 69. Rc1+ Kd4 70. Rb2 e2 71. Rd2+ Kc5 72.
Rxe2 Rxe2 73. Kxe2 b2 74. Rb1 Kxc4 75. Rxb2 Kc3 76. Rb1 Ra2+ 77. Ke3 b3 78. Rd1
b2 79. Rd3+ Kc4 80. Rd4+ Kc5 0-1

[Event "31è Open International d'Avoine 2016"]
[Site "Avoine"]
[Date "2016.07.23"]
[Round "7.47"]
[White "Guerlach, Keigo"]
[Black "Pascot, Jean"]
[Result "1-0"]
[WhiteElo "2075"]
[BlackElo "1822"]
[PlyCount "51"]
[EventDate "2016.??.??"]

1. Nf3 Nf6 2. g3 b6 3. Bg2 Bb7 4. O-O e6 5. d3 d6 6. Nbd2 Be7 7. e4 Nbd7 8. Qe2
O-O 9. Ne1 e5 10. f4 d5 11. exd5 Bc5+ 12. Kh1 exf4 13. gxf4 Re8 14. Ne4 Bxd5
15. c4 Nxe4 16. dxe4 Bxe4 17. Bxe4 Nf6 18. Bxh7+ Nxh7 19. Qg2 Qd4 20. Nf3 Qe4
21. Bd2 Re6 22. Rae1 Qc6 23. Rxe6 fxe6 24. Bc3 Bf8 25. Bxg7 Bxg7 26. Rg1 1-0

[Event "31è Open International d'Avoine 2016"]
[Site "Avoine"]
[Date "2016.07.23"]
[Round "7.48"]
[White "Delinotte, Mathieu"]
[Black "Burille, Matthieu"]
[Result "1/2-1/2"]
[WhiteElo "1780"]
[BlackElo "2069"]
[PlyCount "37"]
[EventDate "2016.??.??"]

1. e4 c5 2. Nf3 d6 3. d4 cxd4 4. Nxd4 Nf6 5. Nc3 a6 6. Be2 e5 7. Nb3 Be7 8. O-O
O-O 9. f4 b6 10. Bf3 Bb7 11. f5 b5 12. Be3 b4 13. Nd5 Nxd5 14. exd5 Nd7 15. a3
Nf6 16. Qd3 a5 17. axb4 axb4 18. c4 bxc3 19. bxc3 1/2-1/2

[Event "31è Open International d'Avoine 2016"]
[Site "Avoine"]
[Date "2016.07.23"]
[Round "7.49"]
[White "Viel, Simon"]
[Black "Lary, Damien"]
[Result "1-0"]
[WhiteElo "2066"]
[BlackElo "1789"]
[PlyCount "137"]
[EventDate "2016.??.??"]

1. e4 c5 2. Nf3 e6 3. d4 cxd4 4. Nxd4 a6 5. Nc3 b5 6. Bd3 Qb6 7. Nb3 Qc7 8. O-O
d6 9. f4 Bb7 10. Qe1 Nd7 11. a4 b4 12. Ne2 Qb6+ 13. Kh1 a5 14. Ned4 e5 15. fxe5
dxe5 16. Nf5 g6 17. Ne3 Ngf6 18. Bb5 Bg7 19. Nc4 Qc7 20. Bg5 O-O 21. Rd1 Ba6
22. Bxa6 Rxa6 23. Nbd2 Nc5 24. b3 Nfd7 25. Ne3 Ne6 26. Be7 Re8 27. Bh4 Qb7 28.
Ndc4 Ndc5 29. Nd6 Rxd6 30. Rxd6 Nxe4 31. Rd1 f5 32. Nc4 g5 33. Bf2 Nf4 34. Be3
Qc6 35. Nxa5 Qxc2 36. Bxf4 exf4 37. Rc1 Ng3+ 38. Qxg3 Qxc1 39. Rxc1 fxg3 40.
hxg3 Re3 41. Rc5 Be5 42. Nc4 Re1+ 43. Kh2 Bd4 44. Rxf5 h6 45. Kh3 Kg7 46. Rd5
h5 47. g4 h4 48. Rxg5+ Kf6 49. Rf5+ Kg6 50. Kxh4 Rh1+ 51. Kg3 Rb1 52. Rf3 Bc3
53. Na5 Be5+ 54. Kh4 Bc3 55. g5 Rd1 56. Nc6 Rb1 57. a5 Rxb3 58. a6 Ra3 59. a7
b3 60. Rxc3 b2 61. Rxa3 b1=Q 62. Ne7+ Kf7 63. a8=Q Qe1+ 64. Kg4 Qb4+ 65. Kh3
Kxe7 66. Ra7+ Ke6 67. Qg8+ Ke5 68. Qe8+ Kd5 69. Rd7+ 1-0

[Event "31è Open International d'Avoine 2016"]
[Site "Avoine"]
[Date "2016.07.23"]
[Round "7.50"]
[White "Caille, Hugo"]
[Black "Lescieux, Matthieu"]
[Result "1-0"]
[WhiteElo "2053"]
[BlackElo "1771"]
[PlyCount "71"]
[EventDate "2016.??.??"]

1. e4 e5 2. Nf3 Nc6 3. Be2 Bc5 4. Nxe5 Bxf2+ 5. Kxf2 Nxe5 6. Rf1 Qh4+ 7. Kg1 d5
8. d4 Ng4 9. h3 h5 10. Qe1 Qxe1 11. Rxe1 N4f6 12. exd5 Kd8 13. c4 Bf5 14. Nc3
Kd7 15. Bf3 Ne8 16. b3 f6 17. Ba3 g5 18. g4 hxg4 19. hxg4 Bg6 20. Ne4 b6 21. c5
Rd8 22. d6 cxd6 23. Nxd6 Nxd6 24. cxd6 Rc8 25. Rac1 Rxc1 26. Rxc1 Rh7 27. Bc6+
Kd8 28. Bd5 Nh6 29. Be6 Rd7 30. Bxd7 Kxd7 31. Rc7+ Kd8 32. Rxa7 Be4 33. Bb4
Nxg4 34. a4 Ne3 35. a5 Nc2 36. Bc3 1-0

[Event "31è Open International d'Avoine 2016"]
[Site "Avoine"]
[Date "2016.07.23"]
[Round "8.11"]
[White "Migot, Tangi"]
[Black "Bouget, Alexandre"]
[Result "1-0"]
[WhiteElo "2381"]
[BlackElo "2196"]
[PlyCount "93"]
[EventDate "2016.??.??"]
[WhiteTeam "Echiquier Guingampais"]
[BlackTeam "Echiquier Guingampais"]

1. e4 e6 2. d4 d5 3. Nc3 Bb4 4. e5 c5 5. a3 Bxc3+ 6. bxc3 Qa5 7. Bd2 Qa4 8. Qg4
Kf8 9. Qd1 b6 10. dxc5 bxc5 11. c4 Nc6 12. Nf3 Nge7 13. c3 Qxd1+ 14. Rxd1 dxc4
15. Be3 Ba6 16. Bxc5 Ke8 17. Bd6 Ng6 18. g3 f6 19. Bg2 Rc8 20. h4 Ngxe5 21.
Nxe5 Nxe5 22. Bxe5 fxe5 23. Rd6 Bb5 24. Rxe6+ Kf7 25. Rxe5 Rhe8 26. Re3 Rcd8
27. Ke2 Ba4 28. Rb1 Bb3 29. Bc6 Re6 30. Rxe6 Kxe6 31. Be4 g6 32. Ke3 Rd6 33. h5
Kf6 34. hxg6 hxg6 35. f4 Re6 36. Rc1 Ra6 37. Ra1 Re6 38. Kd4 Rd6+ 39. Bd5 Kf5
40. Re1 Ra6 41. Re5+ Kf6 42. g4 Rxa3 43. g5+ Kg7 44. Re7+ Kh8 45. f5 Ra6 46.
Re8+ Kg7 47. f6+ 1-0

[Event "31è Open International d'Avoine 2016"]
[Site "Avoine"]
[Date "2016.07.23"]
[Round "8.12"]
[White "Daeschler, Florian"]
[Black "Haub, Thorsten Michael"]
[Result "0-1"]
[WhiteElo "2099"]
[BlackElo "2363"]
[PlyCount "82"]
[EventDate "2016.??.??"]
[WhiteTeam "C.E. Strasbourg"]
[BlackTeam "L'Echiquier Dieppois"]

1. c4 f5 2. Nf3 Nf6 3. g3 g6 4. b4 Bg7 5. Bb2 d6 6. d4 O-O 7. Bg2 c6 8. O-O d5
9. Nbd2 Ne4 10. Qc2 Be6 11. c5 a5 12. a3 Na6 13. Bc3 Nc7 14. Nb3 Nb5 15. Bb2
axb4 16. axb4 f4 17. Rxa8 Qxa8 18. Nc1 Na3 19. Bxa3 Qxa3 20. Nd3 fxg3 21. hxg3
Bf5 22. Qc1 Qxc1 23. Rxc1 Ra8 24. Nfe5 h5 25. e3 Ra2 26. Bxe4 dxe4 27. Nf4 g5
28. Ng2 Rb2 29. Ra1 Bxe5 30. dxe5 Rxb4 31. Ne1 Rb2 32. Rc1 Kf7 33. Nc2 Ke6 34.
Na3 Bg4 35. Nc4 Rb5 36. Nd2 Bf3 37. Kf1 Kxe5 38. Nc4+ Kd5 39. Nb6+ Ke6 40. Ke1
Bg2 41. Na8 Rb2 0-1

[Event "31è Open International d'Avoine 2016"]
[Site "Avoine"]
[Date "2016.07.23"]
[Round "8.13"]
[White "Bujisho, Benjamin"]
[Black "Sally, Paul-Adrien"]
[Result "1-0"]
[WhiteElo "2354"]
[BlackElo "2007"]
[PlyCount "55"]
[EventDate "2016.??.??"]
[WhiteTeam "Chevau-légers de la Choisille"]
[BlackTeam "Echiquier Tourangeau"]

1. d4 c5 2. e4 cxd4 3. c3 dxc3 4. Nxc3 Nc6 5. Nf3 e6 6. Bc4 a6 7. O-O Nge7 8.
Bg5 f6 9. Be3 b5 10. Bb3 Ng6 11. Qe2 Bd6 12. Rfd1 Qe7 13. Rac1 Na5 14. e5 Nxb3
15. axb3 Nxe5 16. Ne4 Bb4 17. Nxe5 fxe5 18. Bc5 Bxc5 19. Rxc5 d5 20. Qh5+ Kf8
21. Qxe5 Bd7 22. Rc7 Rc8 23. Rxc8+ Bxc8 24. Rc1 Bd7 25. Nc5 Kf7 26. Nxd7 Qxd7
27. Rc7 Rd8 28. Qd6 1-0

[Event "31è Open International d'Avoine 2016"]
[Site "Avoine"]
[Date "2016.07.23"]
[Round "8.14"]
[White "Lemasle, Raphael"]
[Black "Deslandes, Pascal"]
[Result "0-1"]
[WhiteElo "2055"]
[BlackElo "2302"]
[PlyCount "80"]
[EventDate "2016.??.??"]
[WhiteTeam "Echiquier Guingampais"]
[BlackTeam "Club d'Echecs du Vesinet"]

1. d4 Nf6 2. Bg5 Ne4 3. Bf4 d5 4. e3 g6 5. Nd2 Bg7 6. Bd3 Bf5 7. g4 Nxd2 8.
gxf5 Ne4 9. Qf3 c5 10. c3 Nc6 11. Bxe4 dxe4 12. Qxe4 cxd4 13. exd4 Qa5 14. Ne2
gxf5 15. Qe3 O-O-O 16. O-O Rhg8 17. Bg3 h5 18. Qf4 Rd7 19. Rfd1 Qd5 20. Qg5 Qf3
21. Nf4 e5 22. Rd3 Qg4 23. Qxg4 fxg4 24. dxe5 Rxd3 25. Nxd3 Rd8 26. Nf4 Bxe5
27. Nxh5 Rd2 28. Rb1 Kd7 29. Kg2 Ke6 30. Kf1 Bxg3 31. Nxg3 Ne5 32. Ne4 Rc2 33.
Nc5+ Kf5 34. Nxb7 Kf4 35. Nc5 Kf3 36. Re1 Rxf2+ 37. Kg1 Rxb2 38. Rf1+ Ke3 39.
Re1+ Kf4 40. Rf1+ Nf3+ 0-1

[Event "31è Open International d'Avoine 2016"]
[Site "Avoine"]
[Date "2016.07.23"]
[Round "8.15"]
[White "Devallee, Jeremie"]
[Black "Sauvaget, Franck"]
[Result "1-0"]
[WhiteElo "2284"]
[BlackElo "2002"]
[PlyCount "53"]
[EventDate "2016.??.??"]
[WhiteTeam "Chartres Metropole Echecs"]
[BlackTeam "Rennes Paul Bert"]

1. e4 e6 2. Nf3 d5 3. e5 c5 4. b4 cxb4 5. a3 d4 6. Bb2 Nc6 7. Bb5 Bd7 8. O-O
bxa3 9. Nxa3 Nge7 10. Nxd4 Nxd4 11. Bxd4 Nc6 12. Bb2 Qb6 13. Rb1 Qa5 14. Qe2 a6
15. Bxc6 Bxc6 16. Nc4 Qd5 17. Ne3 Qd7 18. f4 Be7 19. f5 O-O-O 20. d4 f6 21. c4
fxe5 22. fxe6 Qe8 23. d5 Ba4 24. Bxe5 Bc5 25. Rf7 Bd6 26. Rbxb7 Rf8 27. Rfc7+
1-0

[Event "31è Open International d'Avoine 2016"]
[Site "Avoine"]
[Date "2016.07.23"]
[Round "8.16"]
[White "Chauvet, Etienne"]
[Black "Le Borgne, Pierre"]
[Result "0-1"]
[WhiteElo "1559"]
[BlackElo "2247"]
[PlyCount "74"]
[EventDate "2016.??.??"]
[WhiteTeam "Echiquier Niortais"]
[BlackTeam "Club d'Echecs Lexovien"]

1. d4 d6 2. e3 g6 3. f4 Bg7 4. Nf3 Nh6 5. Be2 O-O 6. O-O Nd7 7. e4 c5 8. c3 Qb6
9. d5 Nf6 10. Nbd2 Qc7 11. Bd3 e6 12. Bc4 exd5 13. exd5 Nf5 14. Re1 Bd7 15. Nf1
b5 16. Be2 Rfe8 17. h3 c4 18. g4 Qc5+ 19. Kh2 Ne7 20. Be3 Qc7 21. Qd2 Nexd5 22.
Rad1 Bxg4 23. Qxd5 Nxd5 24. Rxd5 Bd7 25. Red1 Bc6 26. Rxd6 Rad8 27. Rxd8 Rxd8
28. Rxd8+ Qxd8 29. Nd4 Bb7 30. Kg3 a6 31. Nh2 Qe7 32. Nf1 h5 33. Bf3 Bxf3 34.
Kxf3 Qh4 35. Kg2 Qe1 36. Bd2 Qe4+ 37. Kf2 Bxd4+ 0-1

[Event "31è Open International d'Avoine 2016"]
[Site "Avoine"]
[Date "2016.07.23"]
[Round "8.17"]
[White "Vidal, Etienne"]
[Black "Giacomini, Hector"]
[Result "0-1"]
[WhiteElo "1551"]
[BlackElo "2239"]
[PlyCount "76"]
[EventDate "2016.??.??"]
[WhiteTeam "Echiquier du Vendômois"]
[BlackTeam "Echiquier Tourangeau"]

1. d4 d5 2. Bg5 Nd7 3. e3 Ngf6 4. Bd3 e5 5. c4 exd4 6. exd4 dxc4 7. Bxc4 Bb4+
8. Nc3 O-O 9. Nge2 Nb6 10. Bb3 Bg4 11. f3 Bf5 12. O-O c6 13. Ng3 Bd7 14. Nce4
Be7 15. Re1 h6 16. Bf4 Nbd5 17. Bd6 Re8 18. Bxe7 Rxe7 19. Nc5 Qc7 20. Qd2 Rae8
21. Rxe7 Rxe7 22. Re1 Qf4 23. Qxf4 Rxe1+ 24. Kf2 Nxf4 25. Kxe1 Bc8 26. Kf2 b6
27. Nce4 N6d5 28. Bxd5 cxd5 29. Nc3 Nd3+ 30. Ke3 Nxb2 31. Nxd5 Kf8 32. Ne4 Nc4+
33. Kd3 b5 34. Kc3 a5 35. a4 Be6 36. Nc7 b4+ 37. Kc2 Ke7 38. Kd3 Nb2+ 0-1

[Event "31è Open International d'Avoine 2016"]
[Site "Avoine"]
[Date "2016.07.23"]
[Round "8.18"]
[White "Ollier, Pablo"]
[Black "Viel, Simon"]
[Result "1-0"]
[WhiteElo "2362"]
[BlackElo "2066"]
[PlyCount "81"]
[EventDate "2016.??.??"]
[WhiteTeam "Echiquier Lempdais"]
[BlackTeam "Echecs Plus de Cherbourg-Octeville"]

1. d4 Nf6 2. c4 c5 3. d5 b5 4. Bg5 Ne4 5. Bf4 Qa5+ 6. Nd2 bxc4 7. Qc2 Nf6 8. e4
e6 9. Bxc4 exd5 10. exd5 Qb6 11. O-O-O Bd6 12. Re1+ Kd8 13. Nh3 Bb7 14. Ne4
Nxe4 15. Qxe4 h6 16. Re3 Qc7 17. Rhe1 Bxf4 18. Nxf4 Qd6 19. Nd3 Kc7 20. Ne5 Rf8
21. Bb3 f5 22. Qf3 Na6 23. Nc4 Bxd5 24. Nxd6 Bxf3 25. Ne8+ Raxe8 26. Rxe8 Rxe8
27. Rxe8 Bxg2 28. Re7 g5 29. Ba4 Nb4 30. Rxd7+ Kb6 31. a3 Nd5 32. Rd6+ Ka5 33.
Bc6 Nf4 34. Bxg2 Nxg2 35. Rxh6 Ne1 36. Rd6 Nf3 37. Rd5 Kb5 38. b4 Nxh2 39.
Rxc5+ Ka4 40. Kb2 a5 41. Rxa5# 1-0

[Event "31è Open International d'Avoine 2016"]
[Site "Avoine"]
[Date "2016.07.23"]
[Round "8.19"]
[White "Simon, Daniel"]
[Black "Stephan, Victor"]
[Result "0-1"]
[WhiteElo "2060"]
[BlackElo "2353"]
[PlyCount "80"]
[EventDate "2016.??.??"]
[BlackTeam "Club d'Echecs Lexovien"]

1. e4 c5 2. d3 Nc6 3. f4 g6 4. c3 Bg7 5. Be2 d6 6. Nf3 Nf6 7. O-O O-O 8. Na3
Bg4 9. Qe1 Rb8 10. Nc2 b5 11. h3 Bxf3 12. Bxf3 Qc7 13. Bd2 b4 14. Kh1 bxc3 15.
Bxc3 Nd7 16. Bxg7 Kxg7 17. Qc3+ f6 18. Rac1 a5 19. Bg4 Nb6 20. b3 Qb7 21. Bf3
e5 22. fxe5 fxe5 23. Qd2 Rf7 24. Kg1 Rbf8 25. Be2 Nd7 26. Rxf7+ Rxf7 27. Bg4
Nf8 28. Ne3 h5 29. Be2 Ne6 30. Nc4 Qe7 31. Qe3 Nf4 32. Bf1 Nd4 33. Kh1 g5 34.
Nb6 g4 35. Nd5 Qe6 36. Nxf4 exf4 37. Qe1 Qe5 38. hxg4 Qg5 39. e5 f3 40. Rd1 f2
0-1

[Event "31è Open International d'Avoine 2016"]
[Site "Avoine"]
[Date "2016.07.23"]
[Round "8.20"]
[White "Shirazi, Kamran"]
[Black "Caille, Hugo"]
[Result "1-0"]
[WhiteElo "2350"]
[BlackElo "2053"]
[PlyCount "61"]
[EventDate "2016.??.??"]
[WhiteTeam "Tremblay en France"]
[BlackTeam "Thomas Bourgneuf - Creteil"]

1. e4 e6 2. d4 d5 3. Nc3 Bb4 4. Nge2 dxe4 5. a3 Be7 6. Nxe4 Nd7 7. g3 Ngf6 8.
N2c3 Nxe4 9. Nxe4 Nf6 10. Bg2 Nxe4 11. Bxe4 Bf6 12. c3 c6 13. h4 Qc7 14. Qh5 e5
15. Bg5 Be6 16. Bxf6 gxf6 17. Qh6 O-O-O 18. Qxf6 exd4 19. O-O-O dxc3 20. Qxc3
f5 21. Bc2 Rhf8 22. Rxd8+ Qxd8 23. Rd1 Qc7 24. Qc5 Rf7 25. Qxa7 Bd5 26. Qa8+
Kd7 27. Re1 Be6 28. Qg8 Qb6 29. Rd1+ Ke7 30. Rd2 h6 31. Qh8 1-0

[Event "31è Open International d'Avoine 2016"]
[Site "Avoine"]
[Date "2016.07.23"]
[Round "8.21"]
[White "Podvin, Antoine"]
[Black "Eden, James"]
[Result "1-0"]
[WhiteElo "2038"]
[BlackElo "2293"]
[PlyCount "111"]
[EventDate "2016.??.??"]
[WhiteTeam "Echecs-Club Ajaccien"]
[BlackTeam "U.S.Villejuif Echecs"]

1. d4 d5 2. c4 c6 3. cxd5 cxd5 4. Nc3 Nf6 5. Bf4 Nc6 6. e3 Bf5 7. Qb3 Na5 8.
Qa4+ Bd7 9. Qc2 e6 10. Nf3 Be7 11. Bd3 O-O 12. O-O Rc8 13. Rac1 b5 14. Qe2 a6
15. Ne5 Be8 16. Nb1 Nc4 17. a4 Bb4 18. axb5 Bxb5 19. Nxc4 dxc4 20. Bxc4 Rxc4
21. Rxc4 Nd5 22. Qc2 Nxf4 23. exf4 Qd6 24. g3 Rd8 25. Rd1 h5 26. Rc8 Rxc8 27.
Qxc8+ Kh7 28. Qc2+ g6 29. d5 exd5 30. Nc3 Qc6 31. Qb3 Bxc3 32. Qxc3 Qe6 33. Qe5
Qg4 34. Qxd5 Bc4 35. f3 Qc8 36. Rc1 Bxd5 37. Rxc8 Bxf3 38. b4 Be2 39. Kf2 Bb5
40. Ke3 Kg7 41. Kd4 Kf6 42. Rc7 Ke6 43. Kc5 f6 44. Ra7 h4 45. g4 Be2 46. Kd4
Bxg4 47. Rxa6+ Kf5 48. Ke3 Bh3 49. b5 Bf1 50. Ra1 Bg2 51. b6 g5 52. fxg5 fxg5
53. h3 g4 54. Ra5+ Kg6 55. hxg4 Bb7 56. Kf4 1-0

[Event "31è Open International d'Avoine 2016"]
[Site "Avoine"]
[Date "2016.07.23"]
[Round "8.22"]
[White "Belenkaya, Dina"]
[Black "Lapeyre, Pierre"]
[Result "1-0"]
[WhiteElo "2249"]
[BlackElo "1966"]
[PlyCount "39"]
[EventDate "2016.??.??"]
[WhiteTeam "L'Echiquier Dieppois"]
[BlackTeam "Echiquier Bordelais"]

1. e4 Nc6 2. Nf3 d5 3. exd5 Qxd5 4. d4 Bg4 5. Be2 O-O-O 6. Be3 e5 7. c4 Qa5+ 8.
Bd2 Bb4 9. d5 Bxf3 10. Bxf3 Bxd2+ 11. Nxd2 Nd4 12. O-O f5 13. Nb3 Nxb3 14. axb3
Qb6 15. Qc2 e4 16. Be2 Ne7 17. b4 e3 18. Qa4 exf2+ 19. Rxf2 a6 20. c5 1-0

[Event "31è Open International d'Avoine 2016"]
[Site "Avoine"]
[Date "2016.07.23"]
[Round "8.24"]
[White "Gvanceladze, Anna"]
[Black "Collinet, Nicolas"]
[Result "1-0"]
[WhiteElo "2179"]
[BlackElo "1959"]
[PlyCount "81"]
[EventDate "2016.??.??"]
[BlackTeam "Carquefou Echecs"]

1. e4 e5 2. Nf3 Nc6 3. Bb5 a6 4. Bxc6 dxc6 5. O-O Bd6 6. d4 exd4 7. Qxd4 f6 8.
Be3 Ne7 9. Nbd2 c5 10. Qc3 b6 11. Nc4 Be6 12. Rad1 O-O 13. Bf4 Bxc4 14. Qxc4+
Kh8 15. Bxd6 cxd6 16. Qe6 Nc8 17. Nh4 g6 18. Rd3 Ra7 19. Qh3 Kg8 20. Qg3 Kh8
21. Rfd1 Qe8 22. Re3 Re7 23. Qg4 Qf7 24. b3 Rfe8 25. Qe2 a5 26. c4 Qe6 27. g3
Qd7 28. Ng2 Qc6 29. Rd5 Ra7 30. Qb2 Kg7 31. Nf4 Rae7 32. Qe2 Kg8 33. h4 Kg7 34.
Qg4 Qd7 35. Qf3 Qc6 36. h5 Qd7 37. Kg2 Re5 38. Rd1 Ne7 39. Rh1 g5 40. h6+ Kg8
41. Nh5 1-0

[Event "31è Open International d'Avoine 2016"]
[Site "Avoine"]
[Date "2016.07.23"]
[Round "8.25"]
[White "Bodicker, Rob"]
[Black "Ginovart, Axel"]
[Result "0-1"]
[WhiteElo "2019"]
[BlackElo "2179"]
[PlyCount "102"]
[EventDate "2016.??.??"]
[BlackTeam "Echiquier Guingampais"]

1. d4 Nf6 2. c4 g6 3. Nc3 d5 4. cxd5 Nxd5 5. e4 Nxc3 6. bxc3 Bg7 7. Qa4+ Nd7 8.
Nf3 O-O 9. Be2 c5 10. O-O Nb6 11. Qa3 cxd4 12. cxd4 Bg4 13. Rd1 Qd7 14. Bg5
Bxf3 15. gxf3 e6 16. Rab1 f6 17. Be3 Rfc8 18. Bb5 Qf7 19. Qb3 Rc7 20. Rbc1 Rac8
21. a4 e5 22. d5 Bf8 23. Rxc7 Rxc7 24. a5 Nc8 25. Bf1 Kg7 26. Bh3 f5 27. f4 Bd6
28. Rc1 Rxc1+ 29. Bxc1 Qc7 30. Bb2 Ne7 31. fxe5 Bxe5 32. f4 Bxb2 33. Qxb2+ Kf7
34. d6 Qxd6 35. Qxb7 Qd4+ 36. Kf1 Qe3 37. Bg2 Qxf4+ 38. Kg1 Qe3+ 39. Kf1 Qc1+
40. Kf2 Qc5+ 41. Kf1 Qxa5 42. exf5 Qxf5+ 43. Bf3 a5 44. Qb3+ Qe6 45. Qa4 Qh3+
46. Bg2 Qd3+ 47. Kg1 Qe3+ 48. Kf1 Qc1+ 49. Kf2 Qd2+ 50. Kf1 Nf5 51. Qc4+ Kg7
0-1

[Event "31è Open International d'Avoine 2016"]
[Site "Avoine"]
[Date "2016.07.23"]
[Round "8.26"]
[White "Malassagne, Raphael"]
[Black "Genereau, Thierry"]
[Result "1-0"]
[WhiteElo "2163"]
[BlackElo "1826"]
[PlyCount "67"]
[EventDate "2016.??.??"]
[WhiteTeam "U.S.Villejuif Echecs"]
[BlackTeam "Cercle d'Echecs de Nantes"]

1. d4 Nf6 2. Bf4 g6 3. e3 d6 4. Nf3 Nbd7 5. Be2 c5 6. c3 Bg7 7. O-O O-O 8. h3
b6 9. Nbd2 Bb7 10. a4 Re8 11. Bh2 Ne4 12. Nxe4 Bxe4 13. Qb3 h6 14. Bc4 Rf8 15.
Nd2 Bb7 16. Rad1 e5 17. dxe5 Qg5 18. Bd5 Ba6 19. Nf3 Qh5 20. Bxa8 Rxa8 21. e6
c4 22. exf7+ Kh7 23. Qc2 Bb7 24. Rxd6 Ne5 25. Qd1 Rf8 26. Bf4 Nd3 27. Rd7 Bc6
28. Rxa7 Qd5 29. Rc7 g5 30. Bg3 Bf6 31. b3 b5 32. axb5 Bxb5 33. bxc4 Bxc4 34.
Qa4 1-0

[Event "31è Open International d'Avoine 2016"]
[Site "Avoine"]
[Date "2016.07.23"]
[Round "8.27"]
[White "Kassis, Antoine"]
[Black "Kozlowski, Thierry"]
[Result "1-0"]
[WhiteElo "2148"]
[BlackElo "1943"]
[PlyCount "59"]
[EventDate "2016.??.??"]
[WhiteTeam "L'Echiquier du Lac Enghien"]
[BlackTeam "J.E.E.N."]

1. d4 Nf6 2. c4 e6 3. Nf3 b6 4. g3 Ba6 5. Qc2 Bb7 6. Bg2 Qc8 7. Nc3 Bb4 8. O-O
O-O 9. Bg5 Bxc3 10. Bxf6 Bb4 11. Ng5 g6 12. Bxb7 Qxb7 13. a3 h6 14. Nf3 d6 15.
axb4 Nd7 16. Bh4 g5 17. Bxg5 hxg5 18. Nxg5 Nf6 19. Ra3 Kg7 20. Rf3 Rh8 21. e4
Rh5 22. e5 Rxg5 23. exf6+ Kh6 24. Rf4 Rh8 25. Re1 e5 26. Rh4+ Rh5 27. Rxh5+
Kxh5 28. Qf5+ Kh6 29. Qh3+ Kg6 30. Qxh8 1-0

[Event "31è Open International d'Avoine 2016"]
[Site "Avoine"]
[Date "2016.07.23"]
[Round "8.28"]
[White "Lukasiewicz, Krzysztof"]
[Black "Trouve, Guillaume"]
[Result "1/2-1/2"]
[WhiteElo "2002"]
[BlackElo "2142"]
[PlyCount "67"]
[EventDate "2016.??.??"]
[BlackTeam "Mulhouse Philidor"]

1. e4 c5 2. Nf3 d6 3. d4 cxd4 4. Nxd4 Nf6 5. Nc3 e6 6. g3 Nc6 7. Bg2 Bd7 8. O-O
Be7 9. Be3 O-O 10. Qe2 Qc7 11. Ndb5 Qb8 12. a4 Nb4 13. Rfd1 a6 14. Na3 d5 15.
exd5 Nfxd5 16. Nxd5 Nxd5 17. Nc4 Qe8 18. Bxd5 exd5 19. Nb6 Rd8 20. Nxd5 Bc6 21.
c4 Bd6 22. b3 f5 23. Ra2 Qg6 24. c5 f4 25. cxd6 Bxd5 26. Rxd5 fxe3 27. fxe3
Qb1+ 28. Rd1 Qxb3 29. Qd2 Rxd6 30. Qxd6 Qxa2 31. Qd5+ Qxd5 32. Rxd5 Rf6 33.
Rd8+ Rf8 34. Rd5 1/2-1/2

[Event "31è Open International d'Avoine 2016"]
[Site "Avoine"]
[Date "2016.07.23"]
[Round "8.29"]
[White "Rodriguez Rodriguez, Antonio"]
[Black "Peignelin, Alexandre"]
[Result "1-0"]
[WhiteElo "2141"]
[BlackElo "1720"]
[PlyCount "60"]
[EventDate "2016.??.??"]
[WhiteTeam "U.S. Orléans.Echecs"]
[BlackTeam "Club d'Echecs d'Avoine"]

1. Nf3 b6 2. c4 Nf6 3. Nc3 e6 4. e4 c5 5. e5 Ng4 6. h3 Nh6 7. Bd3 Bb7 8. Qe2
Qc7 9. O-O Nc6 10. Nb5 Qb8 11. Be4 a6 12. Nc3 Be7 13. g4 Nd4 14. Nxd4 cxd4 15.
Bxb7 Qxb7 16. Ne4 O-O 17. d3 f5 18. exf6 Bxf6 19. g5 Bxg5 20. Nxg5 Rf6 21. Qe4
Qc8 22. Qxh7+ Kf8 23. Qh8+ Ke7 24. Qxg7+ Nf7 25. Nxf7 Rxf7 26. Bg5+ Ke8 27.
Qh8+ Rf8 28. Qh5+ Rf7 29. Rae1 Qc5 30. Re4 d6 1-0